[Event "Rychnov Seniors op"]
[Site "Rychnov nad Kneznou"]
[Date "2012.08.26"]
[Round "7"]
[White "Havrlik, Pavel"]
[Black "Pribyl, Jaroslav"]
[Result "1-0"]
[WhiteElo "1862"]
[BlackElo "2006"]
[PlyCount "91"]
[EventDate "2012.08.20"]
[EventType "swiss"]
[EventRounds "9"]
[EventCountry "CZE"]
[SourceTitle "CBM 150 Extra"]
[Source "ChessBase"]
[SourceDate "2012.10.19"]
[SourceVersion "1"]
[SourceVersionDate "2012.10.19"]
[SourceQuality "1"]

1. c4 e6 2. g3 d5 3. Bg2 Nf6 4. Nf3 Be7 5. d4 0-0 6. 0-0 b6 7. cxd5 exd5 8. Ne5 Bb7 9. Nc3 c5 10. e3 Nbd7 11. Nxd7 Qxd7 12. dxc5 bxc5 13. Ne2 Rfd8 14. Bd2 Qf5 15. Ba5 Rd6 16. Nf4 g5 17. Bh3 g4 18. Bg2 Ba6 19. Qb1 Qd7 20. Rd1 Rc8 21. h3 h5 22. hxg4 hxg4 23. Qc2 Bb7 24. Qe2 Qf5 25. Bc3 Ba6 26. Qe1 Bb7 27. Qe2 Rcd8 28. Qd3 Ne4 29. b4 Ba6 30. b5 Bb7 31. Rac1 Rh6 32. Bxe4 Qxe4 33. Qxe4 dxe4 34. Rxd8+ Bxd8 35. Rd1 Bg5 36. Rd7 Bc8 37. Rxa7 Rd6 38. Ra8 Rd8 39. a4 Kh7 40. a5 Bxf4 41. gxf4 g3 42. Rxc8 gxf2+ 43. Kxf2 Rxc8 44. b6 Rb8 45. Be5 Rb7 46. Bc7 1-0

[Event "Rychnov Seniors op"]
[Site "Rychnov nad Kneznou"]
[Date "2012.08.22"]
[Round "3"]
[White "Karlik, Vladimir"]
[Black "Havrlik, Pavel"]
[Result "1-0"]
[WhiteElo "2312"]
[BlackElo "1862"]
[PlyCount "81"]
[EventDate "2012.08.20"]
[EventType "swiss"]
[EventRounds "9"]
[EventCountry "CZE"]
[SourceTitle "CBM 150 Extra"]
[Source "ChessBase"]
[SourceDate "2012.10.19"]
[SourceVersion "1"]
[SourceVersionDate "2012.10.19"]
[SourceQuality "1"]

1. d4 d5 2. Bf4 Bf5 3. c4 Nc6 4. Nc3 e5 5. dxe5 d4 6. Nd5 Be6 7. e4 dxe3 8. Bxe3 Nxe5 9. Qb3 c6 10. Nf4 Bc8 11. Be2 Nf6 12. Nf3 Nxf3+ 13. Bxf3 Qa5+ 14. Bd2 Qb6 15. 0-0 Qxb3 16. Rfe1+ Be6 17. axb3 0-0-0 18. Bc3 Bc5 19. b4 Bd4 20. Nxe6 fxe6 21. Rxe6 Bxc3 22. bxc3 Rhe8 23. Rxe8 Rxe8 24. h4 Kb8 25. Rd1 Kc7 26. Kf1 Rd8 27. Rxd8 Kxd8 28. Ke2 Kc7 29. Ke3 c5 30. Kf4 b6 31. b5 Kd6 32. g4 Nd7 33. Kf5 Ne5 34. Bd5 Ng6 35. h5 Ne7+ 36. Ke4 Nc8 37. f4 h6 38. g5 Ne7 39. gxh6 gxh6 40. f5 Nc8 41. f6 1-0

[Event "Prague Holiday K31"]
[Site "Prague"]
[Date "2010.08.06"]
[Round "9"]
[White "Havrlik, Pavel"]
[Black "Kasparova, Tatiana"]
[Result "1/2-1/2"]
[WhiteElo "1953"]
[BlackElo "2167"]
[PlyCount "67"]
[EventDate "2010.08.01"]
[EventType "tourn"]
[EventRounds "9"]
[EventCountry "CZE"]
[SourceTitle "EXT 2023"]
[Source "ChessBase"]
[SourceDate "2022.10.05"]
[SourceVersion "1"]
[SourceVersionDate "2022.10.05"]
[SourceQuality "1"]

1. d4 Nf6 2. Nf3 c5 3. d5 d6 4. c4 b5 5. cxb5 a6 6. e3 g6 7. Bc4 Bg7 8. 0-0 0-0 9. Nc3 Nbd7 10. bxa6 Bxa6 11. Bxa6 Rxa6 12. Qe2 Qa8 13. e4 Rb8 14. Rd1 Ne8 15. Bf4 Rab6 16. Rd2 Qb7 17. Nd1 Nc7 18. h4 h5 19. Bg5 Nf6 20. g3 Rb4 21. Bxf6 Bxf6 22. a3 Rb3 23. e5 dxe5 24. Nxe5 Nxd5 25. Qc4 Bxe5 26. Qxd5 Qxd5 27. Rxd5 Bd4 28. Kg2 Ra8 29. Rd7 e6 30. Rc7 Rd3 31. Rb7 Ra4 32. Rc1 Kg7 33. Kf1 Rf3 34. Rc2 1/2-1/2

[Event "Prague Holiday K31"]
[Site "Prague"]
[Date "2010.08.05"]
[Round "7"]
[White "Havrlik, Pavel"]
[Black "Koper, Stefan"]
[Result "1/2-1/2"]
[WhiteElo "1953"]
[BlackElo "2020"]
[PlyCount "66"]
[EventDate "2010.08.01"]
[EventType "tourn"]
[EventRounds "9"]
[EventCountry "CZE"]
[SourceTitle "EXT 2023"]
[Source "ChessBase"]
[SourceDate "2022.10.05"]
[SourceVersion "1"]
[SourceVersionDate "2022.10.05"]
[SourceQuality "1"]

1. c4 e6 2. Nf3 d5 3. e3 Nf6 4. Be2 c5 5. cxd5 exd5 6. 0-0 Be7 7. d4 c4 8. Nc3 0-0 9. Qc2 Nc6 10. e4 dxe4 11. Nxe4 Nxd4 12. Nxd4 Qxd4 13. Nxf6+ Bxf6 14. Qxc4 Qb6 15. Qb5 Qe6 16. Qc4 a5 17. Qxe6 Bxe6 18. Bf3 Bc8 19. a4 Ra6 20. Be2 Re6 21. Bg4 Rb6 22. Bxc8 Rxc8 23. Rb1 Rb3 24. g3 h5 25. Rd1 h4 26. Kg2 Rc4 27. Bd2 hxg3 28. hxg3 Rxa4 29. Bc3 Ra2 30. Bxf6 gxf6 31. Rd5 b5 32. Re1 Kg7 33. Re4 Kg6 1/2-1/2

[Event "Prague Holiday M22"]
[Site "Prague"]
[Date "2010.08.01"]
[Round "2"]
[White "Havrlik, Pavel"]
[Black "Knechtel, Roland"]
[Result "0-1"]
[WhiteElo "1953"]
[BlackElo "2220"]
[PlyCount "112"]
[EventDate "2010.07.25"]
[EventType "tourn"]
[EventRounds "9"]
[EventCountry "CZE"]
[SourceTitle "EXT 2023"]
[Source "ChessBase"]
[SourceDate "2022.10.05"]
[SourceVersion "1"]
[SourceVersionDate "2022.10.05"]
[SourceQuality "1"]

1. c4 g6 2. Nf3 Bg7 3. d4 d6 4. Nc3 e5 5. dxe5 dxe5 6. Qxd8+ Kxd8 7. Bg5+ f6 8. 0-0-0+ Bd7 9. Bd2 c6 10. e4 Kc7 11. Ne1 Bh6 12. h4 Be6 13. f3 Nd7 14. Nc2 Bxd2+ 15. Rxd2 Nh6 16. g4 Nf7 17. Ne3 Nc5 18. b4 Na6 19. a3 Rad8 20. Rxd8 Rxd8 21. Be2 Kb8 22. Rd1 Rh8 23. Ng2 Nc7 24. c5 Kc8 25. Ne3 Bb3 26. Rh1 Ne6 27. Bc4 Nd4 28. Rf1 Kd7 29. Bxf7 Bxf7 30. f4 Ke7 31. g5 fxg5 32. hxg5 exf4 33. Rxf4 Ne6 34. Rg4 a5 35. e5 h5 36. gxh6 Rxh6 37. Nc4 axb4 38. axb4 Rh1+ 39. Kd2 Rh2+ 40. Kc1 g5 41. Ne4 Rh4 42. Rxh4 gxh4 43. Ne3 Bg6 44. Nd6 h3 45. Nef5+ Bxf5 46. Nxf5+ Kd7 47. Kd2 h2 48. Ng3 Nf4 49. Ke3 Nd5+ 50. Ke4 Ke6 51. b5 cxb5 52. Kf3 b4 53. Kg2 Kxe5 54. Kxh2 b3 55. Nf1 b2 56. Nd2 Kd4 0-1

[Event "Prague Holiday M22"]
[Site "Prague"]
[Date "2010.07.26"]
[Round "3"]
[White "Semakoff, Aleks"]
[Black "Havrlik, Pavel"]
[Result "1-0"]
[WhiteElo "2167"]
[BlackElo "1953"]
[PlyCount "92"]
[EventDate "2010.07.25"]
[EventType "tourn"]
[EventRounds "9"]
[EventCountry "CZE"]
[SourceTitle "EXT 2023"]
[Source "ChessBase"]
[SourceDate "2022.10.05"]
[SourceVersion "1"]
[SourceVersionDate "2022.10.05"]
[SourceQuality "1"]

1. e4 Nc6 2. Nf3 d5 3. exd5 Qxd5 4. Nc3 Qa5 5. d4 Bg4 6. Bb5 0-0-0 7. Bxc6 bxc6 8. h3 Qh5 9. Qe2 Bxf3 10. gxf3 Kb8 11. Be3 Nf6 12. d5 Nxd5 13. 0-0-0 Kb7 14. Ne4 e6 15. c4 Be7 16. cxd5 exd5 17. Nc5+ Bxc5 18. Bxc5 Rhe8 19. Qd3 a5 20. f4 d4 21. Bxd4 Rd5 22. Qb3+ Rb5 23. Qc2 Re2 24. Rd2 Rxd2 25. Qxd2 Qd5 26. Re1 Qxa2 27. Re5 Rb4 28. Bc3 Qa1+ 29. Kc2 Qa4+ 30. Kb1 Rxf4 31. Rxa5 Qc4 32. Qd8 c5 33. Qa8+ Kb6 34. Qb8+ Kc6 35. Qe8+ Kb6 36. Qb8+ Kc6 37. Ra7 Qe4+ 38. Ka1 Qe7 39. Rxc7+ Qxc7 40. Qxc7+ Kxc7 41. Be5+ Kc6 42. Bxf4 c4 43. Kb1 Kd5 44. Kc2 Ke4 45. Be3 f5 46. Kc3 Kd5 1-0

[Event "Prague Holiday M22"]
[Site "Prague"]
[Date "2010.07.25"]
[Round "1"]
[White "Havrlik, Pavel"]
[Black "Haba, Zdenek"]
[Result "0-1"]
[WhiteElo "1953"]
[BlackElo "2252"]
[PlyCount "58"]
[EventDate "2010.07.25"]
[EventType "tourn"]
[EventRounds "9"]
[EventCountry "CZE"]
[SourceTitle "EXT 2023"]
[Source "ChessBase"]
[SourceDate "2022.10.05"]
[SourceVersion "1"]
[SourceVersionDate "2022.10.05"]
[SourceQuality "1"]

1. c4 g6 2. g3 Bg7 3. Bg2 d6 4. Nf3 f5 5. d4 Nf6 6. 0-0 0-0 7. Nc3 Qe8 8. d5 Na6 9. Nd4 Bd7 10. e4 fxe4 11. Nxe4 Nxe4 12. Bxe4 c6 13. Bg2 Nc7 14. Be3 c5 15. Ne2 b5 16. Qd2 bxc4 17. Bh6 Bxh6 18. Qxh6 Qf7 19. Qd2 Rab8 20. Nc3 Bf5 21. Rfe1 Nb5 22. Nxb5 Rxb5 23. Re2 Qf6 24. Rae1 Bd3 25. Rxe7 Rxb2 26. Qe3 Qxf2+ 27. Qxf2 Rfxf2 28. Bh3 Bf5 29. Rxa7 Bxh3 0-1

[Event "Prague Holiday M11"]
[Site "Prague"]
[Date "2010.07.22"]
[Round "7"]
[White "Haba, Zdenek"]
[Black "Havrlik, Pavel"]
[Result "1-0"]
[WhiteElo "2252"]
[BlackElo "1953"]
[PlyCount "125"]
[EventDate "2010.07.18"]
[EventType "tourn"]
[EventRounds "9"]
[EventCountry "CZE"]
[SourceTitle "EXT 2023"]
[Source "ChessBase"]
[SourceDate "2022.10.05"]
[SourceVersion "1"]
[SourceVersionDate "2022.10.05"]
[SourceQuality "1"]

1. d4 d5 2. c4 Nc6 3. cxd5 Qxd5 4. e3 e5 5. Nc3 Bb4 6. Bd2 Bxc3 7. Bxc3 exd4 8. Ne2 Qh5 9. Nxd4 Qxd1+ 10. Rxd1 Nxd4 11. Bxd4 f6 12. Bc4 Nh6 13. e4 Nf7 14. f3 Ke7 15. Bc5+ Nd6 16. Be2 Be6 17. a3 b6 18. Be3 c5 19. Rc1 Rac8 20. g4 h6 21. Kf2 g5 22. h4 Nf7 23. Rh2 Bb3 24. Bd2 a5 25. Rch1 Rhd8 26. Bc3 Ke6 27. Ke3 a4 28. Rf1 Ne5 29. hxg5 hxg5 30. Rh6 Rh8 31. Rfh1 Rxh6 32. Rxh6 Ba2 33. f4 gxf4+ 34. Kxf4 Kf7 35. Bxe5 fxe5+ 36. Kxe5 Re8+ 37. Kf4 Be6 38. Rh7+ Kg6 39. Rb7 Rf8+ 40. Kg3 Kf6 41. Rxb6 Ke5 42. Rc6 c4 43. Bxc4 Bxc4 44. Rxc4 Rb8 45. Rxa4 Rb3+ 46. Kh4 Rxb2 47. Kg5 Rb8 48. Ra5+ Kxe4 49. a4 Kf3 50. Kh4 Rh8+ 51. Rh5 Rd8 52. Rf5+ Ke4 53. a5 Rh8+ 54. Kg3 Rh1 55. Rb5 Rg1+ 56. Kh4 Rh1+ 57. Kg5 Ra1 58. Kg6 Kf4 59. g5 Rc1 60. Rf5+ Ke4 61. a6 Rc7 62. Ra5 Ra7 63. Kf6 1-0

[Event "Prague Holiday M11"]
[Site "Prague"]
[Date "2010.07.20"]
[Round "4"]
[White "Havrlik, Pavel"]
[Black "Hadzala, Daniel"]
[Result "1/2-1/2"]
[WhiteElo "1953"]
[BlackElo "2105"]
[PlyCount "85"]
[EventDate "2010.07.18"]
[EventType "tourn"]
[EventRounds "9"]
[EventCountry "CZE"]
[SourceTitle "EXT 2023"]
[Source "ChessBase"]
[SourceDate "2022.10.05"]
[SourceVersion "1"]
[SourceVersionDate "2022.10.05"]
[SourceQuality "1"]

1. c4 Nf6 2. Nf3 d6 3. g3 e5 4. Bg2 Be7 5. 0-0 0-0 6. Nc3 c6 7. d4 Nbd7 8. e4 Qc7 9. h3 exd4 10. Nxd4 Re8 11. Be3 Bf8 12. Rc1 Nc5 13. Qc2 a5 14. Rfe1 Nfd7 15. Nf5 Ne5 16. Bxc5 dxc5 17. b3 g6 18. Ne3 Bg7 19. f4 Nd7 20. Ne2 a4 21. Nf1 Qa5 22. Nd2 Qb4 23. Nc3 axb3 24. axb3 Nf8 25. e5 Ne6 26. Nce4 Nd4 27. Qc3 Qb6 28. Nd6 Rd8 29. Nxc8 Rdxc8 30. Rb1 Ra2 31. Rb2 Ra3 32. Nf3 Rd8 33. Nxd4 cxd4 34. Qd3 Re8 35. Re4 Bf8 36. Kh2 Bc5 37. Ree2 Qb4 38. h4 Qc3 39. Be4 Bb4 40. h5 Qxd3 41. Bxd3 Ra1 42. hxg6 hxg6 43. Rb1 1/2-1/2

[Event "Prague Holiday M11"]
[Site "Prague"]
[Date "2010.07.20"]
[Round "5"]
[White "Lutz, Albert"]
[Black "Havrlik, Pavel"]
[Result "1-0"]
[WhiteElo "2175"]
[BlackElo "1953"]
[PlyCount "65"]
[EventDate "2010.07.18"]
[EventType "tourn"]
[EventRounds "9"]
[EventCountry "CZE"]
[SourceTitle "EXT 2023"]
[Source "ChessBase"]
[SourceDate "2022.10.05"]
[SourceVersion "1"]
[SourceVersionDate "2022.10.05"]
[SourceQuality "1"]

1. Nf3 Nc6 2. d4 d5 3. c4 e5 4. dxe5 d4 5. g3 Nge7 6. Bg2 Ng6 7. Bf4 Bb4+ 8. Nbd2 Nxf4 9. gxf4 a5 10. a3 Bc5 11. Ne4 Be7 12. Qd2 Be6 13. Rc1 Qd7 14. h4 h6 15. Ng3 g6 16. Qd3 a4 17. h5 0-0-0 18. hxg6 fxg6 19. Qxg6 Kb8 20. Rxh6 Rxh6 21. Qxh6 Bf8 22. Qg6 Bg8 23. Qe4 Bh7 24. f5 Ne7 25. Ng5 Nc6 26. e6 Qe7 27. Nf7 Re8 28. Ne5 Qd6 29. Nxc6+ bxc6 30. Qxc6 Qxc6 31. Bxc6 Re7 32. c5 d3 33. Rc4 1-0

[Event "Prague Holiday M11"]
[Site "Prague"]
[Date "2010.07.19"]
[Round "3"]
[White "Mueller, Thorsten"]
[Black "Havrlik, Pavel"]
[Result "1/2-1/2"]
[WhiteElo "2144"]
[BlackElo "1953"]
[PlyCount "76"]
[EventDate "2010.07.18"]
[EventType "tourn"]
[EventRounds "9"]
[EventCountry "CZE"]
[SourceTitle "EXT 2023"]
[Source "ChessBase"]
[SourceDate "2022.10.05"]
[SourceVersion "1"]
[SourceVersionDate "2022.10.05"]
[SourceQuality "1"]

1. d4 d5 2. Nf3 Nc6 3. Bf4 Bg4 4. Ne5 Nxe5 5. Bxe5 f6 6. Bg3 h5 7. h3 Bf5 8. c3 Qd7 9. a4 e6 10. Qb3 0-0-0 11. e3 Bd6 12. Bxd6 Qxd6 13. Na3 Qb6 14. Nb5 a5 15. c4 dxc4 16. Bxc4 Kb8 17. 0-0 c6 18. Nc3 Qxb3 19. Bxb3 e5 20. dxe5 fxe5 21. e4 Bc8 22. Rad1 Nf6 23. f3 g5 24. Rxd8 Rxd8 25. Rd1 Rxd1+ 26. Nxd1 Kc7 27. Ne3 b5 28. Kf2 Kd6 29. Ke2 Kc5 30. axb5 cxb5 31. Kd2 a4 32. Bf7 Bd7 33. Kd3 Bc8 34. Kc3 b4+ 35. Kd3 Ba6+ 36. Bc4 Bc8 37. Bf7 Ba6+ 38. Bc4 Bc8 1/2-1/2

[Event "Prague Holiday M11"]
[Site "Prague"]
[Date "2010.07.18"]
[Round "1"]
[White "Ptak, Pavel"]
[Black "Havrlik, Pavel"]
[Result "1/2-1/2"]
[WhiteElo "2131"]
[BlackElo "1953"]
[PlyCount "84"]
[EventDate "2010.07.18"]
[EventType "tourn"]
[EventRounds "9"]
[EventCountry "CZE"]
[SourceTitle "EXT 2023"]
[Source "ChessBase"]
[SourceDate "2022.10.05"]
[SourceVersion "1"]
[SourceVersionDate "2022.10.05"]
[SourceQuality "1"]

1. d4 d5 2. Nf3 Nc6 3. g3 Bg4 4. Bg2 Nf6 5. h3 Bxf3 6. exf3 e6 7. 0-0 Bd6 8. Re1 0-0 9. f4 Ne7 10. Nd2 c5 11. Nf3 cxd4 12. Nxd4 Nc6 13. Nxc6 bxc6 14. Be3 Nd7 15. c4 Bc5 16. Bxc5 Nxc5 17. Rc1 Qb6 18. cxd5 cxd5 19. f5 exf5 20. Qxd5 Rfc8 21. Qxf5 g6 22. Qc2 Rc7 23. Qe2 Ne6 24. Rxc7 Nxc7 25. b3 Qa5 26. Rd1 Re8 27. Qd2 Qb6 28. h4 Re5 29. Bf3 Qa5 30. Qxa5 Rxa5 31. Rd7 Ne6 32. a4 Re5 33. Rxa7 Nd4 34. Kg2 Nxb3 35. Rb7 Nd4 36. Rd7 Nxf3 37. Kxf3 Re1 38. a5 Ra1 39. Rd5 Ra2 40. Ke3 Kg7 41. f3 h6 42. Kf4 Ra4+ 1/2-1/2

[Event "Ricany op-A"]
[Site "Ricany"]
[Date "2008.08.24"]
[Round "2"]
[White "Havrlik, Pavel"]
[Black "Urban, Miroslav"]
[Result "1/2-1/2"]
[WhiteElo "1965"]
[BlackElo "1875"]
[PlyCount "66"]
[EventDate "2008.08.23"]
[EventType "swiss"]
[EventRounds "9"]
[EventCountry "CZE"]
[SourceTitle "CBM 126 Extra"]
[Source "ChessBase"]
[SourceDate "2008.11.05"]
[SourceVersion "1"]
[SourceVersionDate "2008.11.05"]
[SourceQuality "1"]

1. c4 Nf6 2. Nc3 e6 3. e4 d5 4. e5 Ne4 5. cxd5 exd5 6. Nxe4 dxe4 7. Qa4+ Nc6 8. Qxe4 Qd4 9. Qxd4 Nxd4 10. Bd3 Be6 11. Ne2 Bc5 12. Be4 0-0-0 13. Nc3 Bc4 14. b3 Ba6 15. Bb2 Rhe8 16. f4 f6 17. 0-0-0 fxe5 18. fxe5 Rxe5 19. Bxh7 Rde8 20. Na4 Ne2+ 21. Kb1 Bd4 22. Nc3 Rg5 23. Nxe2 Bxb2 24. Kxb2 Bxe2 25. Rde1 Rxg2 26. Bf5+ Kd8 27. Rhg1 Rf2 28. Bg6 Re7 29. h4 Rh2 30. h5 Bxh5 31. Rxe7 Kxe7 32. Bxh5 Rxh5 33. Rxg7+ Kd6 1/2-1/2

[Event "Prague ProMoPro op"]
[Site "Prague"]
[Date "2003.09.12"]
[Round "7"]
[White "Havrlik, Pavel"]
[Black "Novak, Jindrich"]
[Result "0-1"]
[WhiteElo "2003"]
[BlackElo "2020"]
[PlyCount "86"]
[EventDate "2003.09.06"]
[EventType "swiss"]
[EventRounds "9"]
[EventCountry "CZE"]
[SourceTitle "CBM 096 Extra"]
[Source "ChessBase"]
[SourceDate "2003.10.22"]
[SourceVersion "2"]
[SourceVersionDate "2003.10.20"]
[SourceQuality "1"]

1. c4 Nf6 2. Nf3 d6 3. d4 Bg4 4. e3 Nbd7 5. Be2 e5 6. Nc3 Be7 7. h3 Bh5 8. b3 c6 9. 0-0 0-0 10. Ba3 e4 11. Nd2 Bxe2 12. Qxe2 Qa5 13. Bb2 d5 14. a3 a6 15. b4 Qd8 16. cxd5 cxd5 17. Na4 b5 18. Nc5 Nb6 19. Bc3 Qc7 20. Rfc1 Bd6 21. a4 Nc4 22. a5 Nd7 23. f3 exf3 24. Qxf3 Nf6 25. e4 Bxc5 26. Nxc4 dxe4 27. Qe2 Ba7 28. Nd2 Rae8 29. Bb2 Qd6 30. Nb3 Bb8 31. Nc5 Qh2+ 32. Kf1 Bg3 33. Qe3 Nd5 34. Qg1 Qxg1+ 35. Kxg1 Nf4 36. Nd7 Ne2+ 37. Kf1 Nxc1 38. Rxc1 Rc8 39. Nxf8 Rxc1+ 40. Bxc1 Kxf8 41. Ke2 f5 42. Bb2 Bd6 43. Bc3 f4 0-1

[Event "Prague ProMoPro op"]
[Site "Prague"]
[Date "2003.09.10"]
[Round "5"]
[White "Havrlik, Pavel"]
[Black "Masek, Miroslav"]
[Result "0-1"]
[WhiteElo "2003"]
[BlackElo "2178"]
[PlyCount "52"]
[EventDate "2003.09.06"]
[EventType "swiss"]
[EventRounds "9"]
[EventCountry "CZE"]
[SourceTitle "CBM 096 Extra"]
[Source "ChessBase"]
[SourceDate "2003.10.22"]
[SourceVersion "2"]
[SourceVersionDate "2003.10.20"]
[SourceQuality "1"]

1. c4 c6 2. Nf3 d5 3. e3 Nf6 4. b3 Bg4 5. Bb2 e6 6. Be2 Nbd7 7. 0-0 Bd6 8. d4 0-0 9. Ba3 Bxa3 10. Nxa3 Ne4 11. Qc2 f5 12. h3 Bh5 13. Ne5 Bxe2 14. Qxe2 Nxe5 15. dxe5 f4 16. exf4 Rxf4 17. Qe3 Qg5 18. Nc2 c5 19. cxd5 exd5 20. f3 d4 21. Nxd4 cxd4 22. Qxd4 Nf6 23. Qd6 Nh5 24. Qd5+ Rf7 25. g4 Nf4 26. Qc4 Qxe5 0-1

[Event "CZE-ch qual 2nd"]
[Site "Czech Republic"]
[Date "1996.??.??"]
[Round "4"]
[White "Havrlik, Pavel"]
[Black "Kotek, Daniel"]
[Result "1-0"]
[WhiteElo "2030"]
[BlackElo "2300"]
[PlyCount "65"]
[EventDate "1996.??.??"]
[EventType "swiss"]
[EventRounds "9"]
[EventCountry "CZE"]
[SourceTitle "EXT 2001"]
[Source "ChessBase"]
[SourceDate "2000.11.22"]
[SourceVersion "1"]
[SourceVersionDate "2000.11.22"]
[SourceQuality "1"]

1. c4 e5 2. e4 Nf6 3. Nc3 Bc5 4. Nf3 d6 5. h3 Nc6 6. d3 h6 7. g3 Nd4 8. Bg2 0-0 9. Nxd4 Bxd4 10. Ne2 Bb6 11. 0-0 Be6 12. Kh2 Nh7 13. f4 Qe7 14. f5 Bd7 15. Nc3 c6 16. Qb3 Rab8 17. Bd2 Nf6 18. a4 Ba5 19. Be3 c5 20. g4 Bxc3 21. Qxc3 Nh7 22. Kg3 Bc6 23. b4 b6 24. b5 Bd7 25. Qd2 f6 26. a5 Be8 27. Bf3 Bf7 28. h4 Ra8 29. Rh1 Be8 30. axb6 Bf7 31. g5 fxg5 32. hxg5 Nxg5 33. Bxg5 1-0

[Event "Prague Cedok op"]
[Site "Prague"]
[Date "1996.??.??"]
[Round "2"]
[White "Suran, Jan"]
[Black "Havrlik, Pavel"]
[Result "1-0"]
[WhiteElo "2300"]
[BlackElo "2030"]
[PlyCount "83"]
[EventDate "1996.??.??"]
[EventType "swiss"]
[EventRounds "9"]
[EventCountry "CZE"]
[SourceTitle "EXT 2001"]
[Source "ChessBase"]
[SourceDate "2000.11.22"]
[SourceVersion "1"]
[SourceVersionDate "2000.11.22"]
[SourceQuality "1"]

1. Nf3 d5 2. d4 Nf6 3. c4 e6 4. Nc3 Be7 5. Bg5 Ne4 6. Bxe7 Qxe7 7. e3 Nxc3 8. bxc3 0-0 9. cxd5 exd5 10. Qb3 c6 11. c4 dxc4 12. Bxc4 b5 13. Bd3 Be6 14. Qc2 Qb4+ 15. Nd2 h6 16. 0-0 Nd7 17. Rfb1 Qa3 18. Nb3 Rac8 19. Rc1 Nb6 20. Bh7+ Kh8 21. Bf5 Bxf5 22. Qxf5 Nc4 23. Nc5 Kg8 24. Qd3 Qxd3 25. Nxd3 a5 26. Rc2 a4 27. Nb2 Nxb2 28. Rxb2 Rb8 29. Rc1 Rb6 30. a3 Ra8 31. Kf1 Raa6 32. Ke2 Kf8 33. Kd3 Ke7 34. Kc3 Kd6 35. Kb4 Rb7 36. Rc5 Re7 37. Rd2 Re4 38. Rd3 Rh4 39. h3 g6 40. f3 f5 41. f4 Rb6 42. Ka5 1-0

[Event "Decin op"]
[Site "Decin"]
[Date "1995.??.??"]
[Round "9"]
[White "Havrlik, Pavel"]
[Black "Kholmov, Ratmir D"]
[Result "0-1"]
[WhiteElo "2135"]
[BlackElo "2445"]
[PlyCount "102"]
[EventDate "1995.??.??"]
[EventType "swiss"]
[EventRounds "9"]
[EventCountry "CZE"]
[SourceTitle "EXT 1997"]
[Source "ChessBase"]
[SourceDate "1996.11.15"]
[SourceVersion "1"]
[SourceVersionDate "1996.11.15"]
[SourceQuality "1"]

1. e4 e5 2. c4 Nc6 3. Nf3 Nf6 4. Nc3 Bb4 5. d3 d6 6. g3 Bg4 7. h3 Bxf3 8. Qxf3 Nd4 9. Qd1 c6 10. Bg2 0-0 11. 0-0 Nd7 12. Ne2 Bc5 13. Kh2 f5 14. f4 fxe4 15. dxe4 Nxe2 16. Qxe2 exf4 17. gxf4 a5 18. Be3 Qh4 19. Rad1 Rae8 20. Bxc5 Nxc5 21. Qf2 Qxf2 22. Rxf2 Nxe4 23. Bxe4 Rxe4 24. Rxd6 Rexf4 25. Rg2 g6 26. b3 Kg7 27. Rd7+ R4f7 28. Rd6 Re8 29. Rgd2 Kh6 30. Kg2 Kg5 31. Kh2 Re3 32. Rd7 Rfe7 33. Rxe7 Rxe7 34. Rf2 b5 35. cxb5 cxb5 36. Kg2 b4 37. Kh2 Re3 38. Kg2 h5 39. Rd2 Kf4 40. Rf2+ Ke4 41. h4 Kd3 42. Rf6 Re2+ 43. Kf3 Rxa2 44. Rxg6 Kc3 45. Rg5 Kxb3 46. Rxh5 a4 47. Ra5 a3 48. h5 Rh2 49. Kg3 Rh1 50. Kg2 Rxh5 51. Rxh5 a2 0-1

[Event "Decin op"]
[Site "Decin"]
[Date "1995.??.??"]
[Round "1"]
[White "Havrlik, Pavel"]
[Black "Konopka, Michal"]
[Result "0-1"]
[WhiteElo "2135"]
[BlackElo "2420"]
[PlyCount "54"]
[EventDate "1995.??.??"]
[EventType "swiss"]
[EventRounds "9"]
[EventCountry "CZE"]
[SourceTitle "EXT 1997"]
[Source "ChessBase"]
[SourceDate "1996.11.15"]
[SourceVersion "1"]
[SourceVersionDate "1996.11.15"]
[SourceQuality "1"]

1. c4 Nf6 2. Nc3 g6 3. e4 e5 4. Nf3 Bg7 5. g3 0-0 6. Bg2 d6 7. d3 Nc6 8. 0-0 h6 9. h3 Be6 10. Kh2 Qd7 11. Ng1 Nh7 12. f4 f5 13. Qa4 exf4 14. gxf4 Nf6 15. Nce2 Rae8 16. Bd2 Qc8 17. Rae1 Nd7 18. b3 Nc5 19. Qa3 Nxd3 20. Rd1 fxe4 21. Bxe4 Bf5 22. Bxc6 bxc6 23. Qxa7 Bxh3 24. Rf3 Bg4 25. Rxd3 Bxe2 26. Nxe2 Rxe2+ 27. Kg3 h5 0-1